000
00295nam a22001337a 4500
008
170504b xxu||||| |||| 00| 0 eng d
020
_a
9780314147400
041
_a
eng
080
_a
34
100
_a
13
101
_a
SHJ
245
_a
CONTREPORARY FAMILY LAW
_c
ABRAMS.D.E
942
_2
udc
_c
BK
999
_c
12623
_d
12623